Statistics for Answers are Countries #1

Click here to take the quiz!

General Stats

  • This quiz has been taken 456 times
  • The average score is 8 of 15

Answer Stats

QuestionAnswer% Correct
What was the largest country that used to be part of the Soviet Union? (USSR)Russia
98%
Which country hosts the city with the second highest Polish populationUnited States of America
91%
Which country got it's name from a nut?Brazil
79%
What is the wealthiest nation in Africa?South Africa
77%
What is the number one corn producing country in South America?Argentina
74%
Which country was created by escaped slaves?Liberia
58%
Which country is the city of Krung thep maha nakorn amorn ratana kosin­mahintar ayutthay amaha dilok phop noppa ratrajathani burirom udom rajaniwes­mahasat harn amorn phimarn avatarn sathit sakkattiya visanukamprasit located in?Thailand
54%
Where is Dalmatia located?Croatia
50%
What is considered to be the most peaceful country in the world?Iceland
45%
Which country covers the most timezones?France
44%
Which present day country was the ancient city of Philadelphia located?Turkey
40%
Which country has the highest obesity rate?Nauru
35%
Which country is famous for hunting with Golden Eagles?Kazakhstan
26%
Which countries flag consists of an upside-down yellow crescent and star with a green background?Mauritania
24%
What is the country that has the lowest life expectancy?Chad
20%

Score Distribution

Percentile by Number Answered

Percent of People with Each Score

Your Score History

You have not taken this quiz